| 000 | 00346nam a22001337a 4500 | ||
|---|---|---|---|
| 005 | 20251223150457.0 | ||
| 008 | 251223b |||||||| |||| 00| 0 eng d | ||
| 050 | _aPE 1628 .W43 2005 | ||
| 100 | _aWEBSTER | ||
| 245 | _aWEBSTER'S DICTIONARY AND THESAURUS | ||
| 260 |
_bALLIED PUBLISHING GROUP,INC. _c2005 |
||
| 300 | _a256P. | ||
| 942 |
_2lcc _cREF |
||
| 999 |
_c216393 _d216393 |
||